00783nam a22001457a 4500020001500000040000600015082001400021100002800035245015000063250001600213260003700229300001400266505032700280650003000607 a0312004931 c0 a320.6,HEI aHeidenheimer, Arnold J. aComparative Public Policy :bThe Politics of Social Choice in America, Europ and Japan /cArnold J. Heidenheimer, Hugh Heclo, Carolyn Teich Adams a3rd Edition aLahorebServices Book Clubc1996 axv, 415 p aThe Politics of Social Choice (Page-1), Education Policy (Page-23), Health Policy (Page-57), Housing Policy (Page-97), Economic Policy (Page-132), Taxation Policy (Page-183), Income Maintenance Policy (Page-218), Urban Planning (Page-267), Environmental Policy (Page-308), Policy Contrasts in the Welfare State (Page-345). aPolitics of Social Choice